00549nam a22002057a 450000500170000001000130001702000140003003500130004403700160005704000120007308200130008510000160009824500540011424600060016826000270017427000530020130000200025465000390027465000300031320170124105911.0 aA-505974 a058203772 aA-505974 bCen Lib/Ret aDPLbEN a483bAYT aAyto, John  aThe longman register of new words /cby John Ayto b  bLongmanc1989aEngland aLongman House, Burnt Mill, Haelow EssesbEngland a425p.c21cm(Hb) aEnglish Languagez vDictionaries  aDictionaries - Dictionary